Top 5 Best NBA teams of the 90's - Statistics

General Stats
  • This quiz has been taken 191 times
  • The average score is 4 of 5
Answer Stats
Wins Team % Correct
558 Chicago Bulls
99%
542 Utah Jazz
82%
496 San Antonio Spurs
73%
503 Phoenix Suns
61%
511 Seattle SuperSonics
57%
No matching quizzes found
Score Distribution
Percent of People with Each Score
Percentile by Number Answered
Your Score History
You have not taken this quiz